Statistics for All Teams Luka Modrić played at

Click here to take the quiz!

General Stats

  • This quiz has been taken 178 times
  • The average score is 4 of 6

Answer Stats

YearsHintTeam% Correct
2012-nowClubReal Madrid
100%
2006-nowNational TeamCroatia
94%
2008-2012ClubTottenham Hotspur
88%
2003-2008ClubDinamo Zagreb
80%
2004-2005 (loan)ClubInter Zaprešić
36%
2003-2004 (loan)ClubZrinjski
31%

Score Distribution

Percentile by Number Answered

Percent of People with Each Score

Your Score History

You have not taken this quiz